[Event "World ol U16"]
[Site "Konya"]
[Date "2018.11.27"]
[Round "4.11"]
[White "Mitsis, Georgios"]
[Black "Tezayak, Matthias"]
[Result "1-0"]
[WhiteElo "2350"]
[BlackElo "1887"]
[PlyCount "53"]
[EventDate "2018.11.25"]
[EventType "team-swiss"]
[EventRounds "9"]
[EventCountry "TUR"]
[SourceTitle "CBM 187 Extra"]
[Source "ChessBase"]
[SourceDate "2018.11.04"]
[SourceVersion "1"]
[SourceVersionDate "2018.11.04"]
[SourceQuality "1"]
[WhiteTeam "Greece"]
[BlackTeam "Switzerland"]
[WhiteTeamCountry "GRE"]
[BlackTeamCountry "SUI"]

1. e4 e6 2. d4 d5 3. Nd2 Be7 4. c3 Nf6 5. e5 Nfd7 6. f4 c5 7. Ngf3 Nc6 8. Be2 a5 9. 0-0 Qb6 10. Nb3 a4 11. dxc5 Nxc5 12. Nxc5 Bxc5+ 13. Kh1 0-0 14. Bd3 g6 15. Qe1 Kg7 16. g4 Bd7 17. f5 exf5 18. gxf5 Rae8 19. Bh6+ Kg8 20. Bxf8 Bxf8 21. e6 fxe6 22. fxg6 e5 23. gxh7+ Kh8 24. Rg1 Bg7 25. Rxg7 Kxg7 26. Qg3+ Kh8 27. Rg1 1-0

[Event "World ol U16"]
[Site "Konya"]
[Date "2018.11.25"]
[Round "1.6"]
[White "Khachatryan, Anna"]
[Black "Tezayak, Matthias"]
[Result "0-1"]
[WhiteElo "2121"]
[BlackElo "1887"]
[PlyCount "82"]
[EventDate "2018.11.25"]
[EventType "team-swiss"]
[EventRounds "9"]
[EventCountry "TUR"]
[SourceTitle "CBM 187 Extra"]
[Source "ChessBase"]
[SourceDate "2018.11.04"]
[SourceVersion "1"]
[SourceVersionDate "2018.11.04"]
[SourceQuality "1"]
[WhiteTeam "Armenia"]
[BlackTeam "Switzerland"]
[WhiteTeamCountry "ARM"]
[BlackTeamCountry "SUI"]

1. Nf3 d5 2. g3 Nf6 3. Bg2 c6 4. 0-0 Bf5 5. d3 e6 6. c4 Be7 7. cxd5 exd5 8. Qb3 Qb6 9. Qc2 0-0 10. Nc3 h6 11. e4 dxe4 12. dxe4 Bh7 13. Be3 Qa6 14. h3 Nbd7 15. Rfd1 Rfe8 16. Nd4 Bf8 17. Nb3 b5 18. f3 b4 19. Ne2 c5 20. a3 c4 21. Nbd4 bxa3 22. bxa3 Rac8 23. Nc3 Ne5 24. Qa4 Qxa4 25. Nxa4 c3 26. Rdc1 Nc4 27. Bf2 Nxa3 28. Rxc3 Rxc3 29. Nxc3 Rc8 30. Ncb5 Nxb5 31. Nxb5 a6 32. Nd4 Ra8 33. e5 Nd7 34. f4 Rb8 35. Bf3 Nc5 36. Ra2 Ne4 37. Ne2 Rb1+ 38. Kg2 Nxf2 39. Kxf2 Rb6 40. Nc3 Bc5+ 41. Ke2 Bd4 0-1

[Event "SUI-ch U14"]
[Site "Kreuzlingen"]
[Date "2016.06.30"]
[Round "1"]
[White "Tezayak, Matthias"]
[Black "Deveci, Sinan"]
[Result "1/2-1/2"]
[WhiteElo "1813"]
[BlackElo "1688"]
[PlyCount "75"]
[EventDate "2016.06.30"]
[EventType "swiss"]
[EventRounds "7"]
[EventCountry "SUI"]
[SourceTitle "EXT 2017"]
[Source "ChessBase"]
[SourceDate "2016.10.25"]
[SourceVersion "1"]
[SourceVersionDate "2016.10.25"]
[SourceQuality "1"]

1. e4 d6 2. d4 c6 3. Nf3 Bg4 4. Be2 Nd7 5. Be3 Qc7 6. Nc3 Ngf6 7. a3 e5 8. 0-0 Be7 9. Re1 0-0 10. h3 Bh5 11. Nd2 Bxe2 12. Qxe2 a6 13. a4 a5 14. Nc4 Rfc8 15. Na3 Nf8 16. d5 N8d7 17. Rad1 Rf8 18. Nc4 Rac8 19. b3 Ne8 20. Qd2 f5 21. f3 Bh4 22. Rf1 f4 23. Bf2 Be7 24. Kh2 Ra8 25. Rg1 Qd8 26. Rgf1 c5 27. Ne2 Bg5 28. Ra1 b6 29. Rfb1 Qf6 30. c3 Nc7 31. b4 Ra7 32. bxa5 bxa5 33. Nb6 Qe7 34. Nxd7 Qxd7 35. Rb2 Rfa8 36. Qc2 Bd8 37. Rab1 Na6 38. Qd1 1/2-1/2

[Event "SUI-ch U10"]
[Site "Geneve"]
[Date "2013.06.30"]
[Round "7"]
[White "Tezayak, Matthias"]
[Black "Tamrazyan, Gohar"]
[Result "0-1"]
[WhiteElo "1661"]
[BlackElo "1522"]
[PlyCount "44"]
[EventDate "2013.06.27"]
[EventType "tourn"]
[EventRounds "7"]
[EventCountry "SUI"]
[SourceTitle "EXT 2014"]
[Source "ChessBase"]
[SourceDate "2013.11.20"]
[SourceVersion "1"]
[SourceVersionDate "2013.11.20"]
[SourceQuality "1"]

1. e4 c5 2. Nf3 e6 3. d4 cxd4 4. Qxd4 Nc6 5. Qd1 Bc5 6. Nc3 Nge7 7. Be2 0-0 8. 0-0 b6 9. a3 a5 10. b3 Bb7 11. Bb2 d5 12. exd5 Nxd5 13. Nxd5 Qxd5 14. Qxd5 exd5 15. Rfd1 Rfe8 16. Bb5 Rad8 17. Nd4 Bxd4 18. Bxd4 Nxd4 19. Bxe8 Ne2+ 20. Kh1 Rxe8 21. Re1 b5 22. g3 d4+ 0-1

[Event "SUI-ch U10"]
[Site "Geneve"]
[Date "2013.06.29"]
[Round "6"]
[White "Fischer, Daniel1"]
[Black "Tezayak, Matthias"]
[Result "1-0"]
[WhiteElo "1622"]
[BlackElo "1661"]
[PlyCount "55"]
[EventDate "2013.06.27"]
[EventType "tourn"]
[EventRounds "7"]
[EventCountry "SUI"]
[SourceTitle "EXT 2014"]
[Source "ChessBase"]
[SourceDate "2013.11.20"]
[SourceVersion "1"]
[SourceVersionDate "2013.11.20"]
[SourceQuality "1"]

1. e4 e6 2. d4 d5 3. Nd2 Nf6 4. e5 Nfd7 5. Bd3 c5 6. c3 Nc6 7. Ngf3 cxd4 8. cxd4 f6 9. exf6 Nxf6 10. 0-0 Bd6 11. Nb3 0-0 12. Bg5 Qc7 13. Rc1 Qb8 14. Qc2 Nb4 15. Qb1 Nxd3 16. Qxd3 b6 17. Rc2 Bd7 18. Rfc1 a6 19. Qd1 Ne4 20. Be3 Qb7 21. Nbd2 Nxd2 22. Qxd2 Ba4 23. b3 Be8 24. Ne5 a5 25. a4 Bb4 26. Qe2 Qa6 27. Qg4 Bd6 28. Qxe6+ 1-0

[Event "SUI-ch U10"]
[Site "Geneve"]
[Date "2013.06.28"]
[Round "4"]
[White "Deveci, Sinan"]
[Black "Tezayak, Matthias"]
[Result "1-0"]
[WhiteElo "1512"]
[BlackElo "1661"]
[PlyCount "39"]
[EventDate "2013.06.27"]
[EventType "tourn"]
[EventRounds "7"]
[EventCountry "SUI"]
[SourceTitle "EXT 2014"]
[Source "ChessBase"]
[SourceDate "2013.11.20"]
[SourceVersion "1"]
[SourceVersionDate "2013.11.20"]
[SourceQuality "1"]

1. c4 e6 2. d4 d5 3. Nc3 c6 4. cxd5 exd5 5. Qc2 Nf6 6. Bg5 g6 7. e3 Bf5 8. Bd3 Bxd3 9. Qxd3 Bg7 10. Nge2 Nbd7 11. 0-0 0-0 12. b4 b5 13. Nc1 Nb6 14. Nb3 Qc8 15. Rfc1 a6 16. Na5 Nc4 17. a4 Qg4 18. Bxf6 Bxf6 19. Nxc6 bxa4 20. Nxd5 1-0